Statistics for Boston Bruins roster

Click here to take the quiz!

General Stats

  • This quiz has been taken 289 times
    (102 since last reset)
  • The average score is 15 of 24

Answer Stats

Hint Answer % Correct
37Bergeron
95%
63Marchand
93%
33Chara
93%
40Rask
83%
73McAvoy
82%
46Krejci
80%
88Pastrnak
80%
74DeBrusk
74%
42Backes
72%
47Krug
71%
43Heinen
62%
25Carlo
61%
13Coyle
61%
52Kuraly
58%
86Miller
57%
20Nordstrom
51%
14Wagner
51%
90Johansson
51%
27Moore
50%
55Acciari
47%
44Kampfer
42%
75Clifton
39%
48Grzelcyk
28%
34Carey
14%

Score Distribution

Percentile by Number Answered

Percent of People with Each Score

Your Score History

You have not taken this quiz since the last reset